000 00570nam a2200193Ia 4500
003 GCL
008 140319s9999 xx 000 0 ara d
020 _a9772351781
040 _aGCL /
_cGCL
082 0 4 _aق
_b932
_bم د
245 1 0 _aدليل اثار محافظة الفيوم
260 _aالقاهرة :
_bالمجلس الاعلى للاثار ،
_c1994
300 _a ؛
_c16 سم
650 0 4 _aالفيوم
650 0 4 _aالفيوم، محافظة
650 0 4 _aالفيوم - اثار - ادلة
650 0 4 _aالفيوم - اثار
942 _2ddc
_cBK
999 _c8575
_d8575